Quản lý ngân sách địa phương
Quản lý tài khoá tại chính quyền địa phương, dự báo thu chi, kỹ luật tài khoá ở địa phương...
Guardat en:
| Autor principal: | |
|---|---|
| Format: | Llibre |
| Idioma: | Undetermined |
| Publicat: |
Hà Nội
Thời Đại
2013
|
| Matèries: | |
| Etiquetes: |
Afegir etiqueta
Sense etiquetes, Sigues el primer a etiquetar aquest registre!
|
| Thư viện lưu trữ: | Trung tâm Học liệu Trường Đại học Cần Thơ |
|---|
| LEADER | 00754nam a2200193Ia 4500 | ||
|---|---|---|---|
| 001 | CTU_210783 | ||
| 008 | 210402s9999 xx 000 0 und d | ||
| 082 | |a 352.4 | ||
| 082 | |b S524 | ||
| 100 | |a Shah, Anwar | ||
| 245 | 0 | |a Quản lý ngân sách địa phương | |
| 245 | 0 | |c Shah Anwar (Chủ biên) ; Trần Thành Nam (dịch) ; Nguyễn Hoàng Ánh (Hiệu đính) | |
| 260 | |a Hà Nội | ||
| 260 | |b Thời Đại | ||
| 260 | |c 2013 | ||
| 520 | |a Quản lý tài khoá tại chính quyền địa phương, dự báo thu chi, kỹ luật tài khoá ở địa phương... | ||
| 650 | |a Ngân sách,Budget | ||
| 904 | |i Võ Tấn Anh,Hải | ||
| 980 | |a Trung tâm Học liệu Trường Đại học Cần Thơ | ||